|
|
|
|
| LEADER |
00744nab a2200217 i 4500 |
| 001 |
publ25376 |
| 005 |
20221025104610.0 |
| 008 |
221025s2020 hu o 0|| Magyar d |
| 022 |
|
|
|a 0025-0279
|
| 024 |
7 |
|
|a 10.1556/0016.2020.00013
|2 doi
|
| 024 |
7 |
|
|a 31664162
|2 mtmt
|
| 040 |
|
|
|a SZTE Publicatio Repozitórium
|b hun
|
| 041 |
|
|
|a Magyar
|
| 100 |
1 |
|
|a Jámbori Szilvia
|
| 245 |
1 |
0 |
|a Észlelt szülői nevelés a fiataloknál
|h [elektronikus dokumentum] :
|b társas és társadalmi hatások /
|c Jámbori Szilvia
|
| 260 |
|
|
|c 2020
|
| 300 |
|
|
|a 193-215
|
| 490 |
0 |
|
|a MAGYAR PSZICHOLÓGIAI SZEMLE
|v 75 No. 2
|
| 650 |
|
4 |
|a Pszichológia
|
| 700 |
0 |
1 |
|a Kőrössy Judit
|e aut
|
| 856 |
4 |
0 |
|u http://publicatio.bibl.u-szeged.hu/25376/1/cikk_13.pdf
|z Dokumentum-elérés
|